| 000 | 00399 a2200169 4500 | ||
|---|---|---|---|
| 001 | 46562 | ||
| 020 | _a9788589526296 | ||
| 040 | _cAnchieta - Aquarius | ||
| 100 | _aGalrão, Iray | ||
| 240 | 1 | 0 |
_aA Fada Mimosa e o sumiço da rosa _lpor |
| 245 | 1 | 0 | _aA Fada Mimosa e o sumiço da rosa |
| 300 | _a | ||
| 362 | 0 | _a2011 | |
| 440 | 1 | _aKalango | |
| 650 | 4 | _aLiteratura infanto-juvenil | |
| 942 | _cBK | ||
| 999 |
_c46562 _d46562 |
||